Sports Quiz

Random Sports or University Quiz
Score 0/20 Timer 07:00
0 Plays Today
Hint Answer % Correct
StateArkansas
97.5%
Team ColorCardinal
93.7%
Team ColorWhite
93%
No. of Women's Varsity Sports11
81.4%
No. of Men's Varsity Sports8
80%
CityFayetteville
75.7%
Primary RivalLSU
68.4%
NicknameRazorbacks
62%
ConferenceSEC
59.9%
Famous Alum: SP _______ KeuchelDallas
59.6%
Hint Answer % Correct
Primary RivalOle Miss
56.5%
Famous Alum: PF Corliss _________Williamson
51.2%
Sport w/ most NCAA ChampionshipsMen's Track & Field (20)
46.3%
Football StadiumDonald W. Reynolds Razorback Stadium
31.9%
MascotTusk
23.2%
Athletic DirectorHunter Yurachek
20.7%
MascotBig Red
20%
Basketball ArenaBud Walton Arena
18.4%
Fight SongArkansas Fight
17.9%
Baseball StadiumBaum–Walker Stadium
3.9%
Remove Ads.
Support Sporcle.
Get the best of Sporcle when you Go Orange. This ad-free experience offers more features, more stats, and more fun while also helping to support Sporcle. Thank you for becoming a member.

You're not logged in!

Compare scores with friends on all Sporcle quizzes.
OR
Log In

Show Comments

Extras

Top Quizzes Today


Score Distribution

Your Account Isn't Verified!

In order to create a playlist on Sporcle, you need to verify the email address you used during registration. Go to your Sporcle Settings to finish the process.

Report this User

Report this user for behavior that violates our Community Guidelines.

Details: